000
00445nam a2200181Ia 4500
008
100917s9999 xx 000 0 und d
082
_b
8679
100
_a
गोगटे शकुंतला
245
_a
अद्वैत
260
_b
---
300
_a
112
365
_b
4
520
_a
कादंबरी
630
_a
अद्वैत
650
_a
कादंबरी
730
_a
अद्वैत
942
_c
BOOK
999
_c
614073
_d
614070